| 000 | 00821nmc a2200313 a 4500 | ||
|---|---|---|---|
| 003 | AR-BaBNM | ||
| 005 | 20251128203723.0 | ||
| 008 | 066119s1960 ||||||||||||||000 | spa|| | ||
| 040 | _cAR-BaBNM | ||
| 100 | 1 | _aBemol, Mauricio | |
| 245 | 1 | 0 | _aOrientaciones actuales de la literatura francesa |
| 260 |
_aBuenos Aires _bTroquel _c1960 |
||
| 300 | _a266 p. | ||
| 490 | 0 | _aEl mundo de hoy | |
| 650 | 4 | _aCRITICA LITERARIA | |
| 650 | 4 | _aHISTORIA LITERARIA | |
| 650 | 4 | _aESCRITORES | |
| 650 | 4 | _aLITERATURA FRANCESA | |
| 650 | 4 | _aSIGLO VEINTE | |
| 650 | 4 | _aINVESTIGACION LITERARIA | |
| 651 | 4 | _aSuiza | |
| 651 | 4 | _aCanadá | |
| 651 | 4 | _aBélgica | |
| 655 | _aLITERATURA | ||
| 700 | 1 |
_aColombino, María Luisa _etraductor |
|
| 800 | 1 |
_aSciacca, Michele Federico _edirector |
|
| 942 | _cBK | ||
| 998 | _cMARTIN | ||
| 999 |
_c4633 _d4633 |
||